000 00809nam a2200217Ia 4500
005 20241129111514.0
008 241129s9999||||xx |||||||||||||| ||und||
020 _a81-8129-358-4
037 _aTB
040 _aCRL
_bhin
_cCRL
041 _ahin
_2hin
084 _aO15,1A2:g(Y) 152Q2
_qCRL
100 _aगुप्त, नत्थूलाल, ले.
245 0 _aमहाभारतकालीन समाज और शिक्षा
_cगुप्त, नत्थूलाल, ले.
260 _aनई दिल्ली, भारत
_bनमन प्रकाशन
_c2012
300 _a364पृ0
546 _aTranslated from Sanskrit to Hindi
650 _aMahabharatSanskrit Literature
_9726306
942 _cTB
_hO15,1A2:g(Y) 152Q2
999 _c1230756
_d1230756